000 00310nam a22001337a 4500
008 210303b ||||| |||| 00| 0 eng d
020 _a9780803620414
041 _aeng
080 _221th
_a61
100 _a4
101 _aSHM
245 _aTaber's Cyclopedic Medical Dictionary
_cDavis,A.F
942 _2udc
_cBK
999 _c55620
_d55620